Books Without Their Authors Quiz Stats

 Plays Quiz Updated Jan 6, 2012

Also try: Novels in Chunks
Challenge
Share
Tweet
Embed
Score 0/20 Timer 06:00
3 Plays Today
Book Title Book % Correct
_ CL_CKW__K ______A Clockwork Orange
89.5%
NIN_T__N _I_HTY - F_URNineteen Eighty-Four
87.8%
_IF_ OF PILife of Pi
86.3%
__R_ _F THE F__ESLord of the Flies
85.5%
THE __ VI_CI C__EThe Da Vinci Code
73.5%
UL_____Ulysses
73.4%
_F M_C_ A_D M__Of Mice and Men
72.7%
SLA__H___H__S_ -FI__Slaughterhouse-Five
70.7%
_____ __D ____IBILI_YSense and Sensibility
61.6%
M_TI___Matilda
52.3%
Book Title Book % Correct
E__E_'_ G_MEEnder's Game
45.8%
_H_ _____ ____BYThe Great Gatsby
42.9%
J___ _Y__Jane Eyre
41.1%
_OV_ _N TH_ T___ OF _HO____Love in the Time of Cholera
37.4%
THE __B____B__ __GHT__SS OF B_I_GThe Unbearable Lightness of Being
32.5%
_ WR__K__ __ T___A Wrinkle in Time
31.5%
M_M_I_S _F _ __IS__Memoirs of a Geisha
20.8%
T__ __T_ RU___RThe Kite Runner
16.6%
_TO_____TAtonement
8.8%
_ _U___BL_ BOYA Suitable Boy
7.4%

You're not logged in!

Compare scores with friends on all Sporcle quizzes.
OR
Log In

You Might Also Like...

Show Comments

Extras

Top Quizzes Today


Score Distribution

Your Account Isn't Verified!

In order to create a playlist on Sporcle, you need to verify the email address you used during registration. Go to your Sporcle Settings to finish the process.

Report this User

Report this user for behavior that violates our Community Guidelines.

Details: